| 000 | 00497nam a22001817a 4500 | ||
|---|---|---|---|
| 999 |
_c2123 _d2123 |
||
| 008 | 200213b ||||| |||| 00| 0 eng d | ||
| 020 | _a007-124476-X | ||
| 041 | 0 | _aeng | |
| 082 | 0 | 0 |
_a005.74 _bS5824 |
| 100 |
_91682 _aSilberschatz, A. |
||
| 245 | 1 | 0 |
_aDatabase system concept / _cby A. Silberschatz and Henry F. Korth |
| 250 | _a5th ed. | ||
| 260 |
_aBoston : _bMcGraw-Hill, _c2006. |
||
| 300 | _axxvi,1142 p. | ||
| 650 | 0 | _aDatabase Management | |
| 700 |
_91719 _aKorth, Henry F. |
||
| 942 | _cBK | ||